000 00461nmm a2200157Ia 4500
008 251105s9999||||xx |||||||||||||||||und||
020 _a9788425228322
041 _aspa
100 _aFontcuberta, Joan
245 0 _aEl beso de Judas :
_b Fotografía y verdad
264 _a[Madrid, España] :
_bEditorial Gustavo Gili,
_c2011
300 _a107 páginas
650 _aArts in general
856 _uhttps://public.digitaliapublishing.com/a/41221
942 _cCF
999 _c80302
_d80302